[Event "Mittelfranken Landesliga Sued 2223"]
[Site "Mittelfranken"]
[Date "2023.03.05"]
[Round "7.3"]
[White "De Albuquerque Mello Pereira, Felipe"]
[Black "Vuckovic, Aleksandar"]
[Result "0-1"]
[WhiteElo "1976"]
[BlackElo "2348"]
[PlyCount "98"]
[EventDate "2022.10.09"]
[EventType "team-tourn"]
[EventRounds "9"]
[EventCountry "GER"]
[SourceTitle "EXT 2024"]
[Source "ChessBase"]
[SourceDate "2023.10.10"]
[SourceVersion "1"]
[SourceVersionDate "2023.10.10"]
[SourceQuality "1"]
[WhiteTeam "Muenchen Zugzwang II"]
[BlackTeam "Augsburg SF"]
[WhiteTeamCountry "GER"]
[BlackTeamCountry "GER"]

1. d4 Nf6 2. c4 e6 3. Nf3 Bb4+ 4. Bd2 Qe7 5. a3 Bxd2+ 6. Qxd2 d6 7. Nc3 0-0 8. e3 Re8 9. Bd3 e5 10. Bc2 Nbd7 11. 0-0 Nb6 12. b3 Bg4 13. Ng5 h6 14. Nge4 Rad8 15. f3 Bc8 16. Nxf6+ Qxf6 17. d5 a6 18. Rae1 Nd7 19. a4 Nf8 20. a5 Qe7 21. Qc1 c6 22. Qa1 Qc7 23. Bd3 c5 24. Qa3 Re7 25. Rb1 b6 26. Ra1 bxa5 27. Qxa5 Qxa5 28. Rxa5 Rb7 29. Bc2 Rb6 30. Rb1 g6 31. Na2 Rd7 32. Kf2 Kg7 33. Nc3 f5 34. f4 Re7 35. Raa1 Nd7 36. Re1 Nf6 37. Kf3 Rb8 38. h3 Bb7 39. Rab1 Rbe8 40. Kf2 Bc8 41. g3 g5 42. h4 Ng4+ 43. Kf3 exf4 44. e4 fxg3 45. hxg5 hxg5 46. Kxg3 f4+ 47. Kf3 Rh8 48. Rh1 Ne5+ 49. Kf2 Ree8 0-1

[Event "Mittelfranken Landesliga Sued 2122"]
[Site "Mittelfranken"]
[Date "2022.06.26"]
[Round "3.5"]
[White "De Albuquerque Mello Pereira, Felipe"]
[Black "Bindl, Roland"]
[Result "1/2-1/2"]
[WhiteElo "2013"]
[BlackElo "2067"]
[PlyCount "34"]
[EventDate "2021.10.24"]
[EventType "team-tourn"]
[EventRounds "9"]
[EventCountry "GER"]
[SourceTitle "EXT 2024"]
[Source "ChessBase"]
[SourceDate "2023.10.10"]
[SourceVersion "1"]
[SourceVersionDate "2023.10.10"]
[SourceQuality "1"]
[WhiteTeam "Muenchen Zugzwang II"]
[BlackTeam "Haunstetten"]
[WhiteTeamCountry "GER"]
[BlackTeamCountry "GER"]

1. d4 Nf6 2. c4 e6 3. Nf3 d5 4. Nc3 a6 5. c5 b6 6. cxb6 cxb6 7. Bf4 Bd6 8. Bxd6 Qxd6 9. e3 Nbd7 10. Be2 Bb7 11. 0-0 0-0 12. Rc1 Rac8 13. Nd2 b5 14. Nb3 Rc7 15. Qd2 Rfc8 16. Bxb5 Rxc3 17. Rxc3 Rxc3 1/2-1/2

[Event "Mittelfranken Landesliga Sued 2122"]
[Site "Mittelfranken"]
[Date "2021.11.14"]
[Round "2.7"]
[White "Czap, Bernhard"]
[Black "De Albuquerque Mello Pereira, Felipe"]
[Result "1-0"]
[WhiteElo "2057"]
[BlackElo "2013"]
[PlyCount "49"]
[EventDate "2021.10.24"]
[EventType "team-tourn"]
[EventRounds "9"]
[EventCountry "GER"]
[SourceTitle "EXT 2024"]
[Source "ChessBase"]
[SourceDate "2023.10.10"]
[SourceVersion "1"]
[SourceVersionDate "2023.10.10"]
[SourceQuality "1"]
[WhiteTeam "Unterhaching"]
[BlackTeam "Muenchen Zugzwang II"]
[WhiteTeamCountry "GER"]
[BlackTeamCountry "GER"]

1. c4 c6 2. g3 d5 3. Nf3 Nf6 4. Bg2 dxc4 5. 0-0 Nbd7 6. Qc2 Nb6 7. Na3 Be6 8. b3 cxb3 9. axb3 Qd5 10. Nc4 Nxc4 11. bxc4 Qxc4 12. Qb1 Qb3 13. Bb2 c5 14. Rc1 Bd5 15. Rxc5 e6 16. Nd4 Qb6 17. Rb5 Qc7 18. Bc3 Bc5 19. Bxd5 Nxd5 20. Rxb7 Nxc3 21. dxc3 Qc8 22. Qb5+ Kf8 23. Nc6 Bb6 24. Qb4+ Kg8 25. Ne7+ 1-0